000 00517nam a2200181Ia 4500
001 20216
003 IN-NITTTR
005 20251114233231.0
008 251113s9999||||xx |||||||||||||| ||eng||
040 _beng
040 _cIN-NITTTR
041 _aeng
082 _a621.39 C83I
100 _aCoughlin, Robert F.
245 0 _aIntroductory operational amplifiers and linear ICs :
_b theory and experimentation. /
_cCoughlin, Robert F., Villanucci, Robert S.
700 _a Villanucci, Robert S.
942 _2ddc
_cBK
999 _c22850
_d22850